Religion and Hopi life in the twentieth century /

Saved in:
Bibliographic Details
Main Author: Loftin, John D., 1955-
Format: Book
Language:English
Published: Bloomington : Indiana University Press, c1991.
Series:Religion in North America.
Subjects:
Tags: Add Tag
No Tags, Be the first to tag this record!
LEADER 01078pam a2200301 a 4500
001 002042829-4
005 20020606093309.7
008 900501s1991 inu b s00110 eng
010 |a  90037968  
020 |a 0253335175 (alk. paper) 
035 0 |a ocm21593191 
040 |a DLC  |c DLC  |d BHA 
043 |a n-us-az 
050 0 0 |a E99.H7  |b L64 1991 
082 0 0 |a 299/.784  |2 20 
100 1 |a Loftin, John D.,  |d 1955- 
245 1 0 |a Religion and Hopi life in the twentieth century /  |c John D. Loftin. 
260 0 |a Bloomington :  |b Indiana University Press,  |c c1991. 
300 |a xxi, 168 p. ;  |c 22 cm. 
490 1 |a Religion in North America 
504 |a Includes bibliographical references (p. 144-163) and indexes. 
650 0 |a Hopi Indians  |x Religion. 
650 0 |a Hopi Indians  |x Social life and customs. 
650 0 |a Hopi mythology. 
776 0 8 |i Online version:  |a Loftin, John D., 1955-  |t Religion and Hopi life in the twentieth century.  |d Bloomington : Indiana University Press, ©1991  |w (OCoLC)607844811 
830 0 |a Religion in North America. 
988 |a 20020608 
906 |0 DLC